The organisation of museums : (Record no. 191984)
[ view plain ]
| 000 -LEADER | |
|---|---|
| fixed length control field | 00701cam1a220024100 4500 |
| 001 - CONTROL NUMBER | |
| control field | tmp15203727 |
| 003 - CONTROL NUMBER IDENTIFIER | |
| control field | UPRA |
| 005 - DATE AND TIME OF LATEST TRANSACTION | |
| control field | 20190830112552.0 |
| 008 - FIXED-LENGTH DATA ELEMENTS--GENERAL INFORMATION | |
| fixed length control field | 950717c19671960fr eng u |
| 035 ## - SYSTEM CONTROL NUMBER | |
| System control number | (Sirsi) r70741 |
| 035 ## - SYSTEM CONTROL NUMBER | |
| System control number | (UPRA)tmp15203727 |
| 040 ## - CATALOGING SOURCE | |
| Transcribing agency | UPRA |
| 110 2# - MAIN ENTRY--CORPORATE NAME | |
| Corporate name or jurisdiction name as entry element | Unesco. |
| Linkage | A3932.1 |
| 245 14 - TITLE STATEMENT | |
| Title | The organisation of museums : |
| Remainder of title | practical advice. |
| 260 ## - PUBLICATION, DISTRIBUTION, ETC. | |
| Place of publication, distribution, etc. | [Pars, |
| Date of publication, distribution, etc. | 1967, c1960] |
| 490 1# - SERIES STATEMENT | |
| Series statement | UNESCO Museums and monuments ; |
| Volume/sequential designation | 9 |
| 650 #0 - SUBJECT ADDED ENTRY--TOPICAL TERM | |
| Topical term or geographic name entry element | Museum techniques. |
| Linkage | S23753.1 |
| 650 #0 - SUBJECT ADDED ENTRY--TOPICAL TERM | |
| Topical term or geographic name entry element | Museum. |
| Linkage | S23754.1 |
| 830 #0 - SERIES ADDED ENTRY--UNIFORM TITLE | |
| Uniform title | Museums and monuments ; |
| Volume/sequential designation | 9. |
| Linkage | S5287.1 |
| 949 ## - LOCAL PROCESSING INFORMATION (OCLC) | |
| a | AM5 |
| w | lcc |
| i | -95731 |
| m | MAIN |
| t | BOOK |
| l | ON-SHELF |
| 987 ## - LOCAL ROMANIZATION/CONVERSION HISTORY (OCLC) | |
| Romanization/conversion identifier | 260 a : typo? |
| Agency that converted, created or reviewed | Pars = Paris |
No items available.